000250652 001__ 250652
000250652 005__ 20240901000451.0
000250652 0247_ $$2INSPIRETeX$$aBratkovskaya:2022vqi
000250652 0247_ $$2inspire$$ainspire:2142104
000250652 0247_ $$2arXiv$$aarXiv:2208.11802
000250652 0247_ $$2doi$$a10.48550/arXiv.2208.11802
000250652 037__ $$aGSI-2022-01001
000250652 041__ $$aEnglish
000250652 088__ $$2arXiv$$aarXiv:2208.11802
000250652 1001_ $$0P:(DE-Ds200)OR7813$$aBratkovskaya, Elena$$b0$$eCorresponding author
000250652 1112_ $$a20th International Conference on Strangeness in Quark Matter 2022$$cBusan$$d2022-06-13 - 2022-06-18$$gSQM2022$$wKorea, Republic of
000250652 245__ $$aMidrapidity cluster formation in heavy-ion collisions
000250652 260__ $$barXiv$$c2022
000250652 300__ $$a6
000250652 3367_ $$0PUB:(DE-HGF)25$$2PUB:(DE-HGF)$$aPreprint$$bpreprint$$mpreprint$$s1675071701_20397
000250652 3367_ $$2ORCID$$aWORKING_PAPER
000250652 3367_ $$028$$2EndNote$$aElectronic Article
000250652 3367_ $$2DRIVER$$apreprint
000250652 3367_ $$2BibTeX$$aARTICLE
000250652 3367_ $$2DataCite$$aOutput Types/Working Paper
000250652 500__ $$a6 pages, 6 figures. Contribution to the SQM-2022 Proceedings
000250652 536__ $$0G:(DE-HGF)POF4-612$$a612 - Cosmic Matter in the Laboratory (POF4-612)$$cPOF4-612$$fPOF IV$$x0
000250652 536__ $$0G:(GEPRIS)405580046$$aDFG project 405580046 - Untersuchung der seltsamen Dimension des Phasendiagramms stark wechselwirkender Materie (405580046)$$c405580046$$x1
000250652 536__ $$0G:(EU-Grant)824093$$aSTRONG-2020 - The strong interaction at the frontier of knowledge: fundamental research and applications (824093)$$c824093$$fH2020-INFRAIA-2018-1$$x2
000250652 588__ $$aDataset connected to INSPIRE
000250652 650_7 $$2INSPIRE$$aheavy ion: scattering
000250652 650_7 $$2INSPIRE$$acluster: formation
000250652 650_7 $$2INSPIRE$$adeuteron: production
000250652 650_7 $$2INSPIRE$$ahypernucleus: formation
000250652 650_7 $$2INSPIRE$$acoalescence
000250652 650_7 $$2INSPIRE$$apropagation
000250652 650_7 $$2INSPIRE$$adensity dependence
000250652 650_7 $$2INSPIRE$$aquantum molecular dynamics
000250652 650_7 $$2INSPIRE$$atransport theory
000250652 650_7 $$2INSPIRE$$anumerical calculations
000250652 693__ $$0EXP:(DE-Ds200)no_experiment-20200803$$1EXP:(DE-Ds200)theory-20200803$$5EXP:(DE-Ds200)no_experiment-20200803$$atheory$$eno experiment theory work (POF3; theory)$$x0
000250652 7001_ $$0S.Glassel.1$$aGlässel, Susanne$$b1
000250652 7001_ $$0V.Kireyev.1$$aKireyeu, Viktar$$b2
000250652 7001_ $$0J.Aichelin.1$$aAichelin, Jörg$$b3
000250652 7001_ $$0M.Bleicher.1$$aBleicher, Marcus$$b4
000250652 7001_ $$0P:(DE-HGF)0$$aBlume, Christoph$$b5
000250652 7001_ $$0P:(DE-Ds200)OR9678$$aCoci, Gabriele$$b6
000250652 7001_ $$0V.I.Kolesnikov.2$$aKolesnikov, Vadim$$b7
000250652 7001_ $$0J.Steinheimer.1$$aSteinheimer, Jan$$b8
000250652 7001_ $$0V.Voronyuk.1$$aVoronyuk, Vadim$$b9
000250652 773__ $$a10.48550/arXiv.2208.11802
000250652 909CO $$ooai:repository.gsi.de:250652$$pec_fundedresources$$pVDB$$popenaire
000250652 9101_ $$0I:(DE-Ds200)20121206GSI$$6P:(DE-Ds200)OR7813$$aGSI Helmholtzzentrum für Schwerionenforschung GmbH$$b0$$kGSI
000250652 9101_ $$0I:(DE-Ds200)20121206GSI$$6V.Kireyev.1$$aGSI Helmholtzzentrum für Schwerionenforschung GmbH$$b2$$kGSI
000250652 9101_ $$0I:(DE-Ds200)20121206GSI$$6M.Bleicher.1$$aGSI Helmholtzzentrum für Schwerionenforschung GmbH$$b4$$kGSI
000250652 9101_ $$0I:(DE-Ds200)20121206GSI$$6V.Voronyuk.1$$aGSI Helmholtzzentrum für Schwerionenforschung GmbH$$b9$$kGSI
000250652 9131_ $$0G:(DE-HGF)POF4-612$$1G:(DE-HGF)POF4-610$$2G:(DE-HGF)POF4-600$$3G:(DE-HGF)POF4$$4G:(DE-HGF)POF$$aDE-HGF$$bForschungsbereich Materie$$lMatter and the Universe$$vCosmic Matter in the Laboratory$$x0
000250652 9141_ $$y2022
000250652 915__ $$0StatID:(DE-HGF)0580$$2StatID$$aPublished
000250652 920__ $$lyes
000250652 9201_ $$0I:(DE-Ds200)TES-20160901OR397$$kTES$$lHeiße & Dichte QCD Materie$$x0
000250652 980__ $$apreprint
000250652 980__ $$aVDB
000250652 980__ $$aI:(DE-Ds200)TES-20160901OR397
000250652 980__ $$aUNRESTRICTED